| 000 | 006300000a22002290004500 | ||
|---|---|---|---|
| 003 | LK-CoMWRAF | ||
| 005 | 20230925150659.0 | ||
| 008 | 230817t ||||| |||| 00| 0 eng d | ||
| 020 | _a0852244029 | ||
| 040 |
_aLK-CoMWRAF _dLK-CoMWRAF _eLK-CoMWRAF |
||
| 041 | _aeng | ||
| 082 |
_a909.097 _bBOS |
||
| 100 | _aBosworth, C.E. | ||
| 245 | _aThe Islamic dynasties | ||
| 260 |
_aEdinburgh : _bEdinburgh University press, _c1967 |
||
| 300 | _a243p | ||
| 650 | _aIslam | ||
| 650 | _aIslam -- History; Muslims -- History | ||
| 650 | _aIslamic countries -- History | ||
| 650 | _aIslamic countries -- Civilization | ||
| 942 | _cBK | ||
| 999 |
_c1516 _d1516 |
||